Normal view
MARC view
- Ross, Andrew,
Entry Personal Name
001 - CONTROL NUMBER
- control field: 99760
003 - CONTROL NUMBER IDENTIFIER
- control field: NUST
005 - DATE AND TIME OF LATEST TRANSACTION
- control field: 20221011095934.0
008 - FIXED-LENGTH DATA ELEMENTS
- fixed length control field: 221011|| aca||aabn | a|a d
040 ## - CATALOGING SOURCE
- Original cataloging agency: NUST
- Transcribing agency: NUST
100 ## - HEADING--PERSONAL NAME
- Personal name: Ross, Andrew,
- Dates associated with a name: 1956-
670 ## - SOURCE DATA FOUND
- Source citation: Work cat.: (NUST)0: Ross, Andrew, 1956-, Fast boat to China :, c2006.
